Statistics for Big Nate Characters

Click here to take the quiz!

General Stats

  • This quiz has been taken 37 times
  • The average score is 19 of 40

Answer Stats

HintAnswer% Correct
Spiky haired boyNate
100%
Uncle of main characterTed
86%
Grade grubbing teacher's petGina
81%
The above's friendTeddy
81%
The above's daughterEllen
76%
Fact lover and friend of the aboveFrancis
76%
Spiky haired boy's crushJenny
76%
DogSpitsy
71%
Is from BelarusArtur
67%
Loves foodChad
67%
President of the Drama ClubDee Dee
67%
Spiky haired boy's dadMartin
67%
Social Studies TeacherMrs. Godfrey
67%
Works at Klassic KomixGordie
62%
Art TeacherMr. Rosa
62%
Last name is "Budrick"Chester
52%
CatPickles
52%
P.E. CoachCoach John
48%
The above's girlfriendKim
48%
Science TeacherMr. Galvin
48%
Nate's book buddyPeter
48%
The above's bossWayne
48%
The above's ownerMr. Eustis
38%
Spiky haired boy's rivalRandy
38%
The Grandpa of main characterVern
38%
The Grandma of main characterMarge
33%
Detention MonitorMrs. Czerwicki
33%
Vice PrincipalMrs. Shipulski
33%
Teddy's (former) girlfriendPaige
33%
PrincipalPrincipal Nichols
33%
Spiky haired boy's girlfriend in Blow the Roof OffTrudy
33%
Little League CoachCoach Calhoun
29%
English TeacherMs. Clarke
29%
Francis' girlfriendSheila
29%
Nate's bullyMarcus
24%
School Picture GuySchool Picture Guy
19%
Said "Thanks for the valentines" to Nate in a honey voiceDaisy
14%
Little girlMiranda
14%
Main character of a comicBumble Boy
5%
CatPoco
5%

Score Distribution

Percentile by Number Answered

Percent of People with Each Score

Your Score History

You have not taken this quiz